Materiálno-technické podmienky pre poskytovanie športovo-rekreačných služieb

Charakteristickou črtou moderného cestovného ruchu je snaha po aktívnom odpočinku. Materiálno-technické podmienky ubytovacích zariadení pre uspokojovanie potrieb fyzickej relaxácie návštevníkov. Štruktúra športovo-rekreačných zariadení. Vybrané športovo-rekreačné zariadenia používané v ubytovacích z...

Ausführliche Beschreibung

Gespeichert in:
Bibliographische Detailangaben
1. Verfasser: Patúš, Peter
Format: Buchkapitel
Sprache:Slowakisch
Schlagworte:
Tags: Tag hinzufügen
Keine Tags, Fügen Sie das erste Tag hinzu!

MARC

LEADER 00000naa a2200000 4500
001 r030371
005 20230724103800.2
041 0 |a slo 
044 |a SK 
245 1 0 |a Materiálno-technické podmienky pre poskytovanie športovo-rekreačných služieb  |c Peter Patúš 
520 |a Charakteristickou črtou moderného cestovného ruchu je snaha po aktívnom odpočinku. Materiálno-technické podmienky ubytovacích zariadení pre uspokojovanie potrieb fyzickej relaxácie návštevníkov. Štruktúra športovo-rekreačných zariadení. Vybrané športovo-rekreačné zariadenia používané v ubytovacích zariadeniach: bazén, sauna, solárium, telocvičňa a ich využitie. 
610 2 0 |a zariadenia ubytovacie 
610 2 0 |a ruch cestovný 
610 2 0 |a šport 
610 2 0 |a rekreácia 
610 2 0 |a Slovensko 
610 2 0 |a vybavenosť technická 
100 1 |a Patúš, Peter